|
|
|
|
| LEADER |
00000cam a2200000 c 4500 |
| 001 |
052456838 |
| 003 |
DE-627 |
| 005 |
20240328202936.0 |
| 007 |
tu |
| 008 |
870824s1981 fr ||||| 00| ||fre c |
| 020 |
|
|
|a 2859562168
|9 2-85956-216-8
|
| 035 |
|
|
|a (DE-627)052456838
|
| 035 |
|
|
|a (DE-576)013090100
|
| 035 |
|
|
|a (DE-599)GBV052456838
|
| 035 |
|
|
|a (OCoLC)9196637
|
| 035 |
|
|
|a (OCoLC)09196637
|
| 040 |
|
|
|a DE-627
|b ger
|c DE-627
|e rakwb
|
| 041 |
|
|
|a fre
|
| 044 |
|
|
|c XA-FR
|
| 082 |
0 |
|
|a 944/.28
|
| 100 |
1 |
|
|a Muchembled, Robert
|d 1944-
|0 (DE-588)109955870
|0 (DE-627)560458657
|0 (DE-576)162305044
|4 aut
|
| 109 |
|
|
|a Muchembled, Robert 1944-
|
| 245 |
1 |
4 |
|a Les derniers bûchers
|b un village de Flandre et ses sorcières sous Louis XIV
|c Robert Muchembled
|
| 264 |
|
1 |
|a Paris
|b Ramsay
|c 1981
|
| 300 |
|
|
|a 277 S.
|b Kt.
|
| 336 |
|
|
|a Text
|b txt
|2 rdacontent
|
| 337 |
|
|
|a ohne Hilfsmittel zu benutzen
|b n
|2 rdamedia
|
| 338 |
|
|
|a Band
|b nc
|2 rdacarrier
|
| 490 |
0 |
|
|a Collection Histoire
|
| 583 |
1 |
|
|a Archivierung prüfen
|c 20240324
|f DE-4165
|z 1
|2 pdager
|
| 650 |
|
4 |
|a Wirtschaftsgeschichte und Sozialgeschichte
|
| 650 |
|
4 |
|a Frau
|
| 689 |
0 |
0 |
|d g
|0 (DE-588)4071249-7
|0 (DE-627)104493704
|0 (DE-576)209183160
|a Flandern
|2 gnd
|
| 689 |
0 |
1 |
|d s
|0 (DE-588)4113908-2
|0 (DE-627)105826006
|0 (DE-576)209480351
|a Hexenverfolgung
|2 gnd
|
| 689 |
0 |
2 |
|a z
|2 gnd
|a Geschichte 1679
|
| 689 |
0 |
|
|5 DE-101
|
| 935 |
|
|
|i Blocktest
|
| 951 |
|
|
|a BO
|
| ELC |
|
|
|b 1
|
| LOK |
|
|
|0 000 xxxxxcx a22 zn 4500
|
| LOK |
|
|
|0 001 3268588204
|
| LOK |
|
|
|0 003 DE-627
|
| LOK |
|
|
|0 004 052456838
|
| LOK |
|
|
|0 005 19961115000000
|
| LOK |
|
|
|0 008 880615||||||||||||||||ger|||||||
|
| LOK |
|
|
|0 040
|a DE-21
|c DE-627
|d DE-21
|
| LOK |
|
|
|0 852
|a DE-21
|
| LOK |
|
|
|0 852 1
|c 22 A 815
|9 00
|
| LOK |
|
|
|0 935
|a krim
|
| LOK |
|
|
|0 936ln
|0 1289034389
|a 11.1.4.1
|
| LOK |
|
|
|0 939
|a 15-06-88
|b l01
|
| ORI |
|
|
|a SA-MARC-krimdoka001.raw
|
| SIG |
|
|
|a UB: 22 A 815
|
| TIM |
|
|
|a 100016790101_100016791231
|b Geschichte 1679
|